Diagnostika kulhání a základy rentgenologie nemocí pohybového ústrojí
| Hlavní autor: | Král, Emanuel, 1911-1993 |
|---|---|
| Jazyk: | Čeština |
| Vydáno: |
Praha, 1963 |
|
| LEADER | 00539nam a22001692a 4500 | ||
|---|---|---|---|
| 001 | 000190876 | ||
| 003 | CZ BrMZK | ||
| 005 | 19961101143423.0 | ||
| 007 | ta | ||
| 008 | 950101s1963 xr f cze d | ||
| 040 | |a BOA001 |b cze | ||
| 100 | 1 | |a Král, Emanuel, |d 1911-1993 |7 jk01062751 | |
| 245 | 1 | 0 | |a Diagnostika kulhání a základy rentgenologie nemocí pohybového ústrojí |
| 260 | |a Praha, |c 1963 | ||
| 910 | |a BOA001 |b 4-0433.028-63 | ||
| 990 | |a BK | ||
| 996 | 7 | |b 2619942830 |c 4-0433.028-63 |l MZK |r Sklad / do 24 hodin |n 5 |w 000190876 |u 000010 |a 1 |e BOA001 |j MZK50 |s A | |
English
Čeština 